| 000 | 00792nam a2200193 a 4500 | ||
|---|---|---|---|
| 001 | 000041791 | ||
| 005 | 20201002035746.0 | ||
| 008 | 131017s1977 sp ac 000 0 spa d | ||
| 020 | _a8400036336 | ||
| 040 |
_aDO-SdBNP _bspa _cBNPHU |
||
| 082 |
_axxx _bxxx |
||
| 100 | 1 |
_aSamaniego Boneu, Mercedes _968653 |
|
| 245 | 1 | 3 |
_aLa Política Educativa de la Segunda República durante el Bienio Azañist / _cMercedes Samaniego Boneu ; prólogo de María Dolores Gómez Molleda. |
| 260 |
_aMadrid : _bC.S.I.C., _bEscuela Historia Moderna, _c1977. |
||
| 300 |
_axxxvi, 392 p. : _bil., retrs. ; _c25 cm. |
||
| 490 | 1 |
_aHistoria de España en el mundo moderno _aestudios _v6 |
|
| 700 | 1 | 2 |
_aGómez Molleda, María Dolores _eprol. _968654 |
| 830 | 0 |
_aHistoria de España en el mundo moderno _pestudios _v6 _968655 |
|
| 999 |
_c41280 _d41280 |
||